| 000 | 01044cam a2200289 a 4500 | ||
|---|---|---|---|
| 001 | 22431834 | ||
| 003 | OSt | ||
| 005 | 20230202111930.0 | ||
| 006 | m |o d | | ||
| 007 | cr ||||||||||| | ||
| 008 | 081119s2009 tnu ob 001 0 eng | ||
| 010 | _a 2021699103 | ||
| 020 | _z0849964596 | ||
| 040 |
_aDLC _beng _epn _cDLC |
||
| 050 | 0 | 0 |
_aBR1643.5 _b.H37 |
| 100 | 1 | _aHanegraaff, Hank. | |
| 245 | 1 | 0 |
_aChristianity in crisis : _bthe 21st century / _cHank Hanegraaff. |
| 260 |
_aNashville, Tenn. : _bThomas Nelson, _c2009. |
||
| 300 | _axx, 427p. | ||
| 504 | _aIncludes bibliographical references (p. 356-427) and indexes. | ||
| 588 | _aDescription based on print version record and CIP data provided by publisher; resource not viewed. | ||
| 650 | 0 | _aFaith movement (Hagin) | |
| 776 | 0 | 8 |
_iPrint version: _tChristianity in crisis _dNashville, Tenn. : Thomas Nelson, c2009. _z9780849900068 (hardcover) _w(DLC) 2008050180 |
| 906 |
_a7 _bcbc _corigcop _d1 _eecip _f20 _gy-gencatlg |
||
| 942 |
_2lcc _cBK |
||
| 999 |
_c19895 _d19894 |
||